000 00798cab a2200241 4500
001 ABS47310
008 090401t1992 xxu||||| |||| 00| 0 eng d
035 _a(Sirsi) u61553
041 _aeng
100 _aEdwards, M.
245 _aPlanning agreements : a personal view
260 _c1992
350 _a0
490 _aEstates Gazette
_v(9239) 3 October 1992, 120-121(2)
520 _aReviews the DoE report "The use of planning agreements", which highlights areas of concern for those involved in negotiating and drafting agreements.
650 _aPLANNING AGREEMENTS
650 _aPLANNING GAIN
650 _aTOWN AND COUNTRY PLANNING ACT 1971 S52
650 _aTOWN AND COUNTRY PLANNING ACT 1990 S106
690 _aPLANNING LAW AND PRACTICE
942 _n0
948 _c04/03/1997
999 _c38160
_d38160